Statistics for Vischnancas dal Chantun Grischun

Click here to take the quiz!

General Stats

  • This quiz has been taken 3 times
  • The average score is 72 of 101

Answers on the Map

Answers color-coded by a green-red scale on the quiz's map according to % correct below.
 

Answer Stats

PopulaziunVischnanca% Correct
3'145Arosa
100%
37'082Cuira
100%
1'728Breil
100%
2'912Flem
100%
4'757Glion
100%
1'885Lags
100%
2'019Lumnezia
100%
355Medel (Lucmagn)
100%
2'046Mustér
100%
2'913Samedan
100%
772Samignun
100%
4'882San Murezzan
100%
4'624Scuol
100%
702Segl
100%
960Seglias
100%
1'121Sumvitg
100%
145Sur en Valragn
100%
10'862Tavau
100%
1'164Trun
100%
1'207Tujetsch
100%
3'278Tusaun
100%
979Val
100%
1'437Val Müstair
100%
841Valsot
100%
1'523Zernez
100%
1'177Zuoz
100%
1'283Alvra
67%
906Andeer
67%
2'705Aschera
67%
171Avras
67%
1'555Bergiaglia
67%
607Bever
67%
898Bravuogn Filisur
67%
1'120Brüsch
67%
89Buseno
67%
552Cama
67%
2'264Cazas
67%
4'431Claustra-Serneus
67%
2'116Crusch en il Partenz
67%
1'912Curvalda
67%
844Cuvlignas
67%
8'132Domat
67%
595Fadrein
67%
80Farera
67%
357Farschno
67%
2'589Favugn
67%
221Ferrera
67%
835Fläsch
67%
1'151Gianatsch
67%
895Gianin
67%
304Giuvaulta
67%
1'406Grono
67%
8'926Landquart
67%
539Lantsch
67%
679La Punt Chamues-ch
67%
805Lostallo
67%
1'591Luzein
67%
207Madulain
67%
3'006Maiavilla
67%
2'419Malans
67%
1'344Mesauc
67%
3'467Panaduz
67%
2'147Puntraschigna
67%
3'493Puschlev
67%
1'557Razén
67%
151Rossa
67%
2'581Roveredo
67%
53Runtgaglia
67%
841Santa Maria in Calanca
67%
109San Vittore
67%
681S-chanf
67%
1'502Schlarigna
67%
1'370Sievgia en il Partenz
67%
1'132Silvaplauna
67%
319Soazza
67%
1'165Sursaissa Mundaun
67%
2'327Surses
67%
3'310Termin
67%
1'414Trin
67%
307Tschiertscha-Prada
67%
1'222Tumein
67%
2'113Tumleastga
67%
147Urmagn
67%
581Valrain
67%
903Val Stussavgia
67%
2'786Vaz
67%
2'521Vaz Sut
67%
3'490Zezras
67%
396Ziràn-Reschen
67%
200Calanca
33%
274Castaneda
33%
222Cunter en il Partenz
33%
620Falera
33%
247Flearda
33%
202Fuorn
33%
498Masagn
33%
360Muntogna da Schons
33%
728Sagogn
33%
790Scharons
33%
612Schluein
33%
133Tschupegna
33%

Score Distribution

Percentile by Number Answered

Percent of People with Each Score

Your Score History

You have not taken this quiz